00000000nam 2200000zi 4500
0019.946708
003CaOODSP
00520250121091710
006m     o  d f      
007cr bn|||||||||
008250110t19751975oncb    obfu f000 0 eng d
040 |aCaOODSP|beng|erda|cCaOODSP
043 |an-cn---
0861 |aNR24-28/1975-1E-PDF
24500|aClimatic information for building design in Canada 1975 : |bsupplement no. 1 to the National Building Code of Canada / |cissued by the Associate Committee on the National Building Code.
24610|aSupplement no. 1 to the National Building Code of Canada
250 |aFifth edition 1975.
264 1|aOttawa : |bNational Research Council of Canada, |c1975.
264 4|c©1975
300 |a1 online resource (xi, 50 pages) : |bmaps
336 |atext|btxt|2rdacontent
337 |acomputer|bc|2rdamedia
338 |aonline resource|bcr|2rdacarrier
500 |aIssued also in French under title: Renseignements climatiques pour le calcul des bâtiments au Canada, 1975 : supplément no 1 du Code national du bâtiment Canada.
504 |aIncludes bibliographical references (pages 9-10).
520 |a"The great diversity of climate in Canada has a considerable effect on the performance of buildings, consequently their design must reflect this diversity. The purposes of this supplement are: firstly, by means of maps, to indicate the variability and general distribution of those climatic elements (including earthquake intensity and permafrost) that are most frequently considered in building design, secondly, to explain briefly how the design weather values are computed and thirdly to present recommended design data for a number of cities and towns and smaller populated places"--Preface, page ix.
650 0|aBuilding laws|zCanada.
650 0|aBuildings|xStandards|zCanada.
650 0|aArchitecture and climate|zCanada|vHandbooks, manuals, etc.
655 7|aHandbooks and manuals|2lcgft
7102 |aNational Research Council of Canada. |bAssociate Committee on the National Building Code, |eissuing body.
77508|tRenseignements climatiques pour le calcul des bâtiments au Canada, 1975 : |w(CaOODSP)9.946714
794 |tClimatic information for building design in Canada 1977 : |w(CaOODSP)9.946790
795 |tClimatic information for building design in Canada 1970 : |w(CaOODSP)9.946647
85640|qPDF|s1.92 MB|uhttps://publications.gc.ca/collections/collection_2025/cnrc-nrc/NR24-28-1975-1-eng.pdf
986 |a13986